Zvyšovanie konkurencieschopnosti uplatňovaním benchmarkingových prístupov diplomová práca

Gespeichert in:
Bibliographische Detailangaben
1. Verfasser: Belanský, Radoslav
Körperschaft: Fakulta podnikového manažmentu EU. Katedra manažmentu výroby a logistiky - zrušená
Weitere Verfasser: Molnár, Pavol
Format: Buch
Sprache:Slowakisch
Veröffentlicht: Bratislava 2009
Tags: Tag hinzufügen
Keine Tags, Fügen Sie das erste Tag hinzu!

MARC

LEADER 00000nam$a2200000$$$4500
001 0102291
005 20240320075634.9
041 0 |a slo 
044 |a SK 
245 1 0 |a Zvyšovanie konkurencieschopnosti uplatňovaním benchmarkingových prístupov  |b diplomová práca  |c Radoslav Belanský ; škol. Pavol Molnár 
264 1 |a Bratislava  |c 2009 
100 1 |a Belanský, Radoslav 
700 1 |a Molnár, Pavol 
710 2 |a Fakulta podnikového manažmentu EU. Katedra manažmentu výroby a logistiky - zrušená